| 000 | 00896nam a2200277 c 4500 | ||
|---|---|---|---|
| 999 |
_c419715 _d419715 |
||
| 003 | BLK | ||
| 005 | 20241008103512.0 | ||
| 008 | 180408b bul|||||r ||||||| ||bul|| | ||
| 020 | _a9785699483853 | ||
| 040 | _aBLK | ||
| 041 |
_aRUS _cRUS |
||
| 080 |
_aРуска литература _b821.161.1 _x-31 _z821.161.1-31 |
||
| 100 | 1 |
_aПелевин, Виктор Олегович _eпърви автор _9278205 |
|
| 139 |
_aПелевин, Виктор Олегович _bП 33 |
||
| 245 | 1 | 0 |
_aЧисла _bРоман _cВиктор Олегович Пелевин. |
| 257 | _aRUS | ||
| 260 |
_bЭксмо _c2011 _9214071 _aМосква _n978-5-699- |
||
| 300 |
_a288 с. _c18 см |
||
| 380 | _aX | ||
| 490 |
_9457724 _aPocket book |
||
| 852 |
_bП _c882-31/П 33 |
||
| 856 | 4 | _qpdf | |
| 856 | 4 | _qpdf | |
| 942 |
_cKNG _n0 _03 _s1 |
||
| 944 |
_aCR _c2021-06-14 _k30552 _lВиолета Тройчева |
||